No Me Leas La Mente #4 - Estadísticas

Estadísticas generales
  • Esta prueba ha sido intentada 72 veces
  • La puntuación promedio es 4 de 10
Estadísticas de respuestas
nº de opciones pregunta respuesta % Correcto
7 Colores del arcoíris
90%
7 Maravillas del mundo
59%
7 Actores que han interpretado al 'Joker'
53%
5 Personajes principales de los Simpson
37%
5 Vocales
37%
5 Grupos de alimentos
35%
5 Trópicos principales
33%
6 Antiguas civilizaciones fluviales
27%
4 Estaciones del año
27%
4 Fases de la Luna
18%
No se encontraron pruebas coincidentes
Distribución de puntuación
Porcentaje de gente con cada puntuación
Porcentaje por número respondido
Historial de tus puntuaciones
No has intentado esta prueba.